| 000 | 00000nam 2200000za 4500 |
| 001 | 9.840564 |
| 003 | CaOODSP |
| 005 | 20221107151856 |
| 007 | cr ||||||||||| |
| 008 | 170727s2016 onc |o f|0| 0 eng d |
| 040 | |aCaOODSP|beng |
| 043 | |an-cn--- |
| 086 | 1 |aFR5-116/2016E-PDF |
| 110 | 1 |aCanada. |bGlobal Affairs Canada. |
| 245 | 10|aResults-Based Management for international assistance programming at Global Affairs Canada |h[electronic resource] : |ba how-to guide. |
| 250 | |a2nd ed. |
| 260 | |a[Ottawa] : |bGlobal Affairs Canada, |c2016. |
| 300 | |a104 p. |
| 500 | |aIssued also in French under title: La gestion axée sur les résultats appliquée aux programmes d'aide internationale : un guide pratique. |
| 500 | |aCover title. |
| 500 | |a"This guide replaces Results-based management tools at Global Affairs Canada: a how-to guide, 2009."--Cover. |
| 504 | |aIncludes bibliographic references. |
| 520 | |a"This guide is a comprehensive introduction to how Global Affairs Canada applies Results-Based Management to its international assistance programming, especially at the project level. It provides explanations of Results-Based Management concepts, principles, terminology and tools, as well as stedp-by-step guidance on their application."--Preface, p. 6. |
| 692 | 07|2gccst|aInternational cooperation |
| 692 | 07|2gccst|aManagement tool |
| 775 | 08|tLa gestion axée sur les résultats appliquée aux programmes d’aide internationale |w(CaOODSP)9.840568 |
| 856 | 40|qPDF|s1.58 MB|uhttps://publications.gc.ca/collections/collection_2017/amc-gac/FR5-116-2016-eng.pdf |